ESG and sustainability in commercial property valuation (Record no. 122237)

MARC details
000 -LEADER
fixed length control field 02302nam a22003257a 4500
005 - DATE AND TIME OF LATEST TRANSACTION
control field 20260129165323.0
008 - FIXED-LENGTH DATA ELEMENTS--GENERAL INFORMATION
fixed length control field 260129s2026 xxk|||||o|||| 00| 0 eng d
020 ## - INTERNATIONAL STANDARD BOOK NUMBER
ISBN 9781783215713
041 ## - LANGUAGE CODE
Language code of text/sound track or separate title eng
100 ## - MAIN ENTRY--PERSONAL NAME
Personal author Carson, Sam
110 ## - MAIN ENTRY--CORPORATE NAME
Corporate author Royal Institution of Chartered Surveyors
245 ## - TITLE STATEMENT
Title ESG and sustainability in commercial property valuation
Subtitle Professional Standard, Global
Medium [Electronic resource]
260 ## - PUBLICATION INFORMATION
Place of publication London,
Publisher Royal Institution of Chartered Surveyors,
Date January 2026
300 ## - PHYSICAL DESCRIPTION
Physical description 40p.
490 ## - SERIES TITLE
Series statement RICS Professional Standard
520 ## - ABSTRACT
Abstract 4th edition, January 2026. Effective from 30 April 2026
520 ## - ABSTRACT
Abstract Supersedes 3rd edition ISBN 9781783214532
520 ## - ABSTRACT
Abstract Supports the application of updated RICS Valuation – Global Standards (Red Book Global Standards) and International Valuation Standards (IVS) (both effective from 31 January 2025), including cross referencing mandatory and best practice ESG requirements, placing them in the context of commercial property valuation.<br/>Confirms RICS requirements and recommendations around the appropriate consideration and application of ESG related cost information in commercial property valuation<br/>Sets out the differences between valuation and strategic ESG risk advice<br/>For the first time includes jurisdictional coverage, covering external legal and regulatory matters relevant to the UK, EU and Australia.<br/>Includes housekeeping updates from the 3rd edition (effective 31 January 2022) to reflect latest practice (e.g. revised definitions, consideration of ESG related income and efficiencies in commercial property and valuation, development of global Key Performance Indicators (KPIs)).
650 ## - KEYWORDS
Keywords ESG
650 ## - KEYWORDS
Keywords Carbon
650 ## - KEYWORDS
Keywords Environment
650 ## - KEYWORDS
Keywords Commercial Property
651 ## - SUBJECT ADDED ENTRY--GEOGRAPHIC NAME
Geographic name International
690 ## - BROAD SUBJECT
9 (RLIN) 6273
Broad subject Valuation
700 ## - ADDED PERSONAL NAME
Added personal author Carson, Sam
710 ## - ADDED CORPORATE NAME
Added corporate author Royal Institution of Chartered Surveyors
856 ## - ONLINE RESOURCE
Uniform Resource Identifier <a href="https://www.rics.org/content/dam/ricsglobal/documents/standards/esg-sustainability-commercial-valuation-4th-edition.pdf">https://www.rics.org/content/dam/ricsglobal/documents/standards/esg-sustainability-commercial-valuation-4th-edition.pdf</a>
Link text Professional Standard available on RICS.org
856 ## - ONLINE RESOURCE
Uniform Resource Identifier <a href="https://www.rics.org/content/dam/ricsglobal/documents/standards/esg-sustainability-commercial-valuation-4th-edition-basis-conclusions.pdf">https://www.rics.org/content/dam/ricsglobal/documents/standards/esg-sustainability-commercial-valuation-4th-edition-basis-conclusions.pdf</a>
Public note Basis for conclusions
942 ## - ADDED ENTRY ELEMENTS (KOHA)
Suppress in OPAC Do not suppress in OPAC
Holdings
Lost status Damaged status Not for loan Current library Shelving location Date acquired Total Checkouts Full call number Date last seen Price effective from Koha item type
      Virtual Online 29/01/2026   ONLINE PUBLICATION 29/01/2026 29/01/2026 Online material